Statistics for Newcastle Squad 2019-2020

Click here to take the quiz!

General Stats

  • This quiz has been taken 108 times
  • The average score is 20 of 30

Answer Stats

PositionNationNumberPlayer% Correct
STBrazil9Joelinton
94%
GKSlovakia12Martin Dubravka
91%
CBSwitzerland5Fabian Schar
90%
RBUSA22DeAndre Yedlin
84%
CAMParaguay24Miguel Almiron
82%
CMEngland8Jonjo Shelvey
81%
RWFrance10Allan Saint-Maximin
78%
CBEngland6Jamaal Lascelles
75%
CMEngland36Sean Longstaff
75%
CoachEngland-Steve Bruce
74%
CBIreland2Ciaran Clark
72%
CBArgentina18Federico Fernandez
72%
RBSpain19Javier Manquillo
72%
CDMSouth Korea4Sung Yueng Ki
72%
STJapan13Yoshinori Muto
72%
LWGhana30Christian Atsu
69%
CDMEngland14Isaac Hayden
68%
RMScotland11Matt Ritchie
68%
LBWales3Paul Dummett
68%
CBFrance20Florian Lejeune
63%
LBNetherlands15Jetro Willems
63%
GKEngland26Karl Darlow
62%
GKIreland1Rob Elliot
62%
STEngland-Dwight Gayle
49%
LBMorocco-Achraf Lazaar
47%
CAMSenegal-Henri Saivet
38%
CDMEngland-Jack Colback
34%
RWEngland7Jacob Murphy
29%
RBEngland25Jamie Sterry
29%
LWEngland-Rolando Aarons
25%

Score Distribution

Percentile by Number Answered

Percent of People with Each Score

Your Score History

You have not taken this quiz